[Event "SC Weisse Dame-SAV Torgelow"]
[Site "?"]
[Date "2022.09.17"]
[Round "1.1"]
[White "Wilke, Ronja"]
[Black "Xiao, Yiyi"]
[Result "0-1"]
[WhiteElo "1061"]
[BlackElo "1421"]
[PlyCount "72"]
[EventDate "2022.??.??"]
[WhiteTeam "SAV Torgelow"]
[BlackTeam "SC Weisse Dame"]

1. e4 e5 2. Nf3 Nc6 3. Nc3 Nf6 4. Bb5 Bc5 5. Nxe5 Nxe5 6. d4 Bb4 7. dxe5 Bxc3+
8. bxc3 Nxe4 9. Qd4 Ng5 10. Ba3 Ne6 11. Qg4 a6 12. Bd3 d6 13. exd6 cxd6 14. O-O
O-O 15. Rfe1 Re8 16. Qh3 h6 17. Qg3 d5 18. Qe5 Nc7 19. Qxc7 Rxe1+ 20. Rxe1 Be6
21. Qg3 Qd7 22. Bc5 b5 23. Bd4 f6 24. Qg6 Kf8 25. Bxf6 Re8 26. Qh7 gxf6 27.
Qxh6+ Ke7 28. Qg7+ Kd8 29. Qxf6+ Kc7 30. Qe5+ Kd8 31. g3 a5 32. Qb8+ Qc8 33.
Qxb5 Re7 34. Qxa5+ Ke8 35. Kg2 Bh3+ 36. Kf3 Qg4# 0-1

[Event "SC Weisse Dame-SAV Torgelow"]
[Site "?"]
[Date "2022.09.17"]
[Round "1.2"]
[White "Zhou, Leyi Charlotte"]
[Black "Subocz, Barbara"]
[Result "1-0"]
[WhiteElo "1367"]
[BlackElo "890"]
[PlyCount "42"]
[EventDate "2022.??.??"]
[WhiteTeam "SC Weisse Dame"]
[BlackTeam "SAV Torgelow"]

1. e4 e5 2. Nf3 Nc6 3. d4 exd4 4. Nxd4 Nf6 5. Nxc6 bxc6 6. Nc3 d5 7. exd5 cxd5
8. Bb5+ Bd7 9. Bxd7+ Qxd7 10. O-O Be7 11. Bg5 O-O 12. Re1 Rab8 13. Rb1 Rfe8 14.
Re5 c6 15. b3 Ng4 16. Rxe7 Rxe7 17. Bxe7 Qxe7 18. Qxg4 Qe5 19. Ne2 Re8 20. Ng3
h5 21. Qxh5 Qc3 {Partiemitschrift nicht lesbar!
} 1-0

[Event "SC Weisse Dame-SAV Torgelow"]
[Site "?"]
[Date "2022.09.17"]
[Round "1.3"]
[White "Brandauer, Pia Marie"]
[Black "John, Linnea"]
[Result "0-1"]
[WhiteElo "858"]
[BlackElo "1034"]
[PlyCount "60"]
[EventDate "2022.??.??"]
[WhiteTeam "SAV Torgelow"]
[BlackTeam "SC Weisse Dame"]

1. e4 c5 2. d4 cxd4 3. Qxd4 Nc6 4. Qd3 Nf6 5. Nf3 d6 6. Bg5 g6 7. Bxf6 exf6 8.
Nc3 Bg7 9. Nb5 Qa5+ 10. c3 O-O 11. Nxd6 Rd8 12. Be2 Qc7 13. Qd5 Rxd6 14. Qc5
Bg4 15. O-O Bxf3 16. Bxf3 Qd7 17. Rfd1 Rxd1+ 18. Rxd1 Qe6 19. Be2 Qxe4 20. Bd3
Qe5 21. Qc4 Qh5 22. Be2 Qf5 23. Bg4 Qg5 24. Rd7 Ne5 25. Qd5 Nxd7 26. Qxd7 f5
27. Bf3 Rd8 28. Qa4 Qc1+ 29. Bd1 Rxd1+ 30. Qxd1 Qxd1# 0-1

[Event "SC Weisse Dame-SAV Torgelow"]
[Site "?"]
[Date "2022.09.17"]
[Round "1.4"]
[White "Burchardi, Helena"]
[Black "Briese, Sophie"]
[Result "1-0"]
[WhiteElo "918"]
[BlackElo "836"]
[PlyCount "71"]
[EventDate "2022.??.??"]
[WhiteTeam "SC Weisse Dame"]
[BlackTeam "SAV Torgelow"]

1. e4 e5 2. Nf3 Nc6 3. Bc4 Bc5 4. c3 Nf6 5. d4 exd4 6. O-O Nxe4 7. Re1 d5 8.
cxd4 Bf5 9. Bb5 Bb6 10. Nc3 O-O 11. a4 a5 12. Be3 Nxc3 13. bxc3 Qf6 14. Ne5
Nxe5 15. dxe5 Qd8 16. Qf3 Bd7 17. Bd3 Bxe3 18. Rxe3 f6 19. Qh5 g6 20. Rg3 Be8
21. Qh6 Qe7 22. Rh3 Qg7 23. Qh4 Bd7 24. Rg3 g5 25. Qh5 h6 26. c4 dxc4 27. Bxc4+
Kh8 28. e6 Bc6 29. Rh3 Kh7 30. e7 Rfe8 31. Re1 Qg6 32. Bd3 Qxd3 33. Rxd3 Rec8
34. Qf7+ Kh8 35. Rh3 Bxa4 36. Rxh6# 1-0

[Event "Borussia Lichtenberg-Hamburger SK"]
[Site "?"]
[Date "2022.09.17"]
[Round "1.1"]
[White "Abram, Kristina-Maria"]
[Black "Dominick, Johanna"]
[Result "0-1"]
[WhiteElo "1208"]
[BlackElo "1431"]
[PlyCount "76"]
[EventDate "2022.??.??"]
[WhiteTeam "Hamburger SK"]
[BlackTeam "Borussia Lichtenberg"]

1. e4 d6 2. d4 Nf6 3. Nc3 g6 4. Be3 Bg7 5. f3 O-O 6. Qd2 Nc6 7. h4 b6 8. g4 Bb7
9. h5 gxh5 10. gxh5 Re8 11. Rh2 e5 12. Bh6 Kf8 13. Bxg7+ Kxg7 14. Rg2+ Kf8 15.
Qh6+ Ke7 16. Nd5+ Nxd5 17. exd5 Nxd4 18. Qg5+ Kd7 19. Qg4+ f5 20. Bb5+ Kc8 21.
Qh3 Rg8 22. Bd3 Rxg2 23. Qxg2 Bxd5 24. c3 Nc6 25. Bxf5+ Kb7 26. Bxh7 Qh4+ 27.
Qf2 Qxh5 28. Bd3 Rf8 29. Be2 Qf5 30. c4 Nb4 31. Rc1 Nxa2 32. Ra1 Nb4 33. Rd1
Bc6 34. Qh4 e4 35. fxe4 Bxe4 36. Qg3 Qf4 37. Qc3 Nc2+ 38. Qxc2 Bxc2 0-1

[Event "Borussia Lichtenberg-Hamburger SK"]
[Site "?"]
[Date "2022.09.17"]
[Round "1.2"]
[White "Klymenko, Mariia"]
[Black "Yan, Jenny"]
[Result "0-1"]
[WhiteElo "955"]
[BlackElo "956"]
[PlyCount "122"]
[EventDate "2022.??.??"]
[WhiteTeam "Borussia Lichtenberg"]
[BlackTeam "Hamburger SK"]

1. e4 c5 2. f4 d5 3. exd5 Qxd5 4. Nc3 Qd8 5. Nf3 Bg4 6. Be2 e6 7. Ne5 Bxe2 8.
Qxe2 Nf6 9. Ne4 Be7 10. Qb5+ Nbd7 11. d3 Qc7 12. Be3 O-O 13. O-O Nxe4 14. Nxd7
a6 15. Qc4 Qxd7 16. dxe4 Qc7 17. b4 b5 18. Qc3 c4 19. Rf3 f6 20. a4 Qb7 21. e5
f5 22. a5 Bh4 23. Rh3 Be7 24. Qe1 Rad8 25. Bb6 Rd7 26. Rd1 Rxd1 27. Qxd1 Bxb4
28. Qb1 Be7 29. c3 Bd8 30. Bc5 Rf7 31. Bb4 Be7 32. Qd1 Bxb4 33. cxb4 Rd7 34.
Qh5 g6 35. Qg5 Rd1+ 36. Kf2 Rd2+ 37. Ke1 Qxg2 38. Qxg2 Rxg2 39. Rc3 Rxh2 40.
Rc1 Rh1+ 41. Kd2 Rxc1 42. Kxc1 h5 43. Kc2 h4 44. Kc3 h3 45. Kd4 h2 46. Kc5 h1=Q
47. Kb6 Qb1 48. Kxa6 Qxb4 49. Kb6 Qxa5+ 50. Kxa5 c3 51. Kxb5 c2 52. Kc5 c1=Q+
53. Kd6 Kf7 54. Kd7 Qc5 55. Kd8 Qd5+ 56. Kc8 Ke7 57. Kb8 Qc6 58. Ka7 Qb5 59.
Ka8 Kd7 60. Ka7 Kc7 61. Ka8 Qb7# 0-1

[Event "Borussia Lichtenberg-Hamburger SK"]
[Site "?"]
[Date "2022.09.17"]
[Round "1.3"]
[White "Fomenkova, Elina"]
[Black "Ali, Maha"]
[Result "0-1"]
[WhiteElo "1004"]
[BlackElo "600"]
[PlyCount "62"]
[EventDate "2022.??.??"]
[WhiteTeam "Hamburger SK"]
[BlackTeam "Borussia Lichtenberg"]

1. e4 d6 2. d4 Nf6 3. Nc3 c6 4. Nf3 Qa5 5. Bd2 e5 6. Be2 Be7 7. O-O Qc7 8. d5
Bg4 9. Bd3 Nbd7 10. a4 O-O 11. h3 Bh5 12. Qe2 Nb6 13. a5 Nbd7 14. Qe3 b6 15. a6
b5 16. Ne2 cxd5 17. exd5 Nxd5 18. Qe4 N5f6 19. Qe3 Qc6 20. Ng3 Bxf3 21. gxf3
Nc5 22. Nf5 Bd8 23. Ba5 Qd7 24. Bxd8 Raxd8 25. Kh1 Nxd3 26. Qxd3 g6 27. Rg1 Kh8
28. Rg5 h6 29. Rg3 gxf5 30. Rag1 f4 31. Rg7 Qxh3# 0-1

[Event "Borussia Lichtenberg-Hamburger SK"]
[Site "?"]
[Date "2022.09.17"]
[Round "1.4"]
[White "Konatham, Kundana Sree"]
[Black "Blome, Antonia"]
[Result "0-1"]
[WhiteElo "600"]
[BlackElo "981"]
[PlyCount "94"]
[EventDate "2022.??.??"]
[WhiteTeam "Borussia Lichtenberg"]
[BlackTeam "Hamburger SK"]

1. e4 e5 2. Nf3 Nc6 3. Nc3 Bc5 4. h3 Nf6 5. Bc4 d6 6. d3 Be6 7. Bxe6 fxe6 8.
O-O d5 9. Bg5 d4 10. Na4 Bd6 11. Nh2 h6 12. Bd2 b5 13. Nc3 dxc3 14. Bxc3 b4 15.
Bd2 Nd4 16. Ng4 h5 17. Nxf6+ Qxf6 18. Be3 O-O 19. Bxd4 exd4 20. Qxh5 g6 21. Qb5
Rab8 22. Qd7 Rf7 23. Qc6 Rb6 24. Qa4 Rb7 25. c3 c5 26. a3 dxc3 27. bxc3 bxc3
28. Rfc1 Qxf2+ 29. Kh1 Be5 30. Qe8+ Rf8 31. Qxg6+ Bg7 32. Qxe6+ Qf7 33. Qa6 c2
34. d4 Bxd4 35. Rf1 Bxa1 36. Rxf7 c1=Q+ 37. Kh2 Rfxf7 38. Qg6+ Bg7 39. a4 Qf4+
40. Qg3 Qxg3+ 41. Kxg3 Be5+ 42. Kg4 Rb6 43. a5 Rg6+ 44. Kh5 Rfg7 45. g4 Kh7 46.
g5 Rxg5+ 47. Kh4 Bg3# 0-1

[Event "Schachzwerge Magdeb.-SC Weisse Dame.II"]
[Site "?"]
[Date "2022.09.17"]
[Round "1.1"]
[White "Fedorova, Mariia"]
[Black "Breja, Eva"]
[Result "1-0"]
[WhiteElo "836"]
[BlackElo "1027"]
[PlyCount "127"]
[EventDate "2022.??.??"]
[WhiteTeam "SC Weisse Dame.II"]
[BlackTeam "Schachzwerge Magdeb."]

1. e4 e5 2. f4 exf4 3. Nf3 Nc6 4. Bc4 Bc5 5. d3 d6 6. Bxf4 Qf6 7. Bg5 Qxb2 8.
Bd2 Bb4 9. Bxb4 Nxb4 10. Nbd2 Nxc2+ 11. Kf2 Nxa1 12. Qxa1 Qxa1 13. Rxa1 Be6 14.
Bxe6 fxe6 15. Rc1 O-O-O 16. Ng5 Rf8+ 17. Kg1 Rf6 18. Nb3 Nh6 19. Nd4 Rhf8 20.
Ngxe6 R8f7 21. Ng5 Re7 22. Nxh7 Rf4 23. Nb5 Ng4 24. Nxd6+ Kd7 25. Nb5 Kc8 26.
Ng5 Ne5 27. d4 Nd3 28. Rc3 Rg4 29. Nf3 Nf4 30. Rc2 c6 31. Nd6+ Kd7 32. Nf5 Rxe4
33. Ne5+ Rxe5 34. dxe5 Ke6 35. Ne3 Rg5 36. Nc4 b5 37. Nd2 Rxg2+ 38. Kh1 Rg4 39.
Nf3 Nd3 40. Re2 c5 41. h3 Rg3 42. Re3 Nf2+ 43. Kh2 Rxh3+ 44. Kg2 Rh5 45. Kxf2
Rf5 46. Ke2 g5 47. Re4 c4 48. Nd4+ Kd5 49. Nxf5 Kxe4 50. e6 c3 51. Kd1 Kxf5 52.
e7 g4 53. e8=Q Kf4 54. Qe2 g3 55. Qf1+ Kg4 56. Kc2 b4 57. Kd3 a5 58. Ke3 c2 59.
Qe2+ Kh3 60. Qxc2 g2 61. Kf2 Kh2 62. Qg6 g1=Q+ 63. Qxg1+ Kh3 64. Qg3# 1-0

[Event "Schachzwerge Magdeb.-SC Weisse Dame.II"]
[Site "?"]
[Date "2022.09.17"]
[Round "1.2"]
[White "Funke, Luise"]
[Black "Dinges, Mara"]
[Result "1-0"]
[WhiteElo "1052"]
[BlackElo "797"]
[PlyCount "147"]
[EventDate "2022.??.??"]
[WhiteTeam "Schachzwerge Magdeb."]
[BlackTeam "SC Weisse Dame.II"]

1. e4 e5 2. Nf3 Nc6 3. Bc4 Bc5 4. c3 d6 5. d4 Bb6 6. d5 Nce7 7. O-O Nf6 8. Re1
O-O 9. Bg5 Ng6 10. Nbd2 Nf4 11. Rf1 Bd7 12. b4 a6 13. Nb3 Ba4 14. Nfd2 h6 15.
Bh4 c5 16. Qf3 cxb4 17. cxb4 Bxb3 18. Nxb3 a5 19. b5 a4 20. Nd2 Bd4 21. Rac1
Bb2 22. Rc2 a3 23. Bb3 Qe7 24. b6 Rfc8 25. Nc4 Qd8 26. Nxb2 Rxc2 27. Bxc2 axb2
28. a4 Qxb6 29. h3 Rxa4 30. Bxa4 b1=Q 31. Rxb1 Qxb1+ 32. Kh2 Qe1 33. Bxf6 gxf6
34. Qg4+ Kf8 35. Qc8+ Kg7 36. Qg4+ Ng6 37. h4 Qxf2 38. h5 Qf4+ 39. Kh3 Qxg4+
40. Kxg4 Nf4 41. g3 Nd3 42. Kf3 Nc5 43. Be8 Nd3 44. Ke2 Nc1+ 45. Kd2 Nb3+ 46.
Kc3 Nc5 47. Kb4 Nxe4 48. g4 Ng5 49. Kb5 e4 50. Kc4 Nf3 51. Ba4 e3 52. Kd3 Nh2
53. Bd1 Nf1 54. Be2 Nd2 55. Kxe3 Nb3 56. Bc4 Nc5 57. Bb5 Kf8 58. Kd4 Ke7 59.
Kc4 Kd8 60. Kb4 Kc7 61. Ka5 b6+ 62. Kb4 Ne4 63. Bd3 Nf2 64. Bf5 Kb7 65. Kb5 Ka7
66. Kc6 Ka6 67. Kxd6 b5 68. Kc5 Ka5 69. d6 b4 70. d7 b3 71. d8=Q+ Ka4 72. Qd4+
Ka3 73. Qxf2 b2 74. Bb1 1-0

[Event "Schachzwerge Magdeb.-SC Weisse Dame.II"]
[Site "?"]
[Date "2022.09.17"]
[Round "1.3"]
[White "Schumacher, Barbara"]
[Black "Lahne, Paula"]
[Result "0-1"]
[WhiteElo "785"]
[BlackElo "904"]
[PlyCount "92"]
[EventDate "2022.??.??"]
[WhiteTeam "SC Weisse Dame.II"]
[BlackTeam "Schachzwerge Magdeb."]

1. e4 e5 2. Nc3 Nf6 3. Be2 Bc5 4. Nf3 Nc6 5. O-O d6 6. d3 d5 7. exd5 Nxd5 8.
Ne4 b6 9. Bg5 f6 10. Bh4 Bf5 11. Ng3 Qd7 12. Nd2 O-O-O 13. c4 Nf4 14. Bf3 Bxd3
15. Qa4 Bxf1 16. Ndxf1 Qd4 17. Nf5 Qxb2 18. Qxc6 Qxa1 19. Qb7+ Kd7 20. Qc6+ Kc8
21. Qb7+ Kd7 22. Bc6+ Ke6 23. Nxg7+ Kf7 24. Qxc7+ Kg6 25. Be4+ Kh6 26. Nf5+ Kg6
27. Qg7+ Kh5 28. Qh6+ Kg4 29. h3+ Nxh3+ 30. gxh3+ Kxh3 31. Bg2+ Kg4 32. Qg7+
Kxf5 33. Bh3+ Ke4 34. Qg2+ Kd4 35. Qg4+ Kc3 36. Qf3+ Rd3 37. Qh1 Rg8+ 38. Kh2
Qxa2 39. Bxf6 Qxf2+ 40. Bg2 Qxf6 41. Ng3 Qh6+ 42. Bh3 Rd2+ 43. Qg2 Rxg2+ 44.
Kxg2 Qg5 45. Kh2 Qxg3+ 46. Kh1 Qg1# 0-1

[Event "Schachzwerge Magdeb.-SC Weisse Dame.II"]
[Site "?"]
[Date "2022.09.17"]
[Round "1.4"]
[White "Börner, Martha"]
[Black "Sachsenröder, Frida"]
[Result "1-0"]
[WhiteElo "842"]
[BlackElo "755"]
[PlyCount "171"]
[EventDate "2022.??.??"]
[WhiteTeam "Schachzwerge Magdeb."]
[BlackTeam "SC Weisse Dame.II"]

1. e4 e6 2. d4 d5 3. e5 c5 4. Nf3 Nc6 5. Nc3 cxd4 6. Nxd4 Nxe5 7. Bb5+ Bd7 8.
Bf4 Bxb5 9. Ndxb5 f6 10. Qh5+ g6 11. Qe2 a6 12. Nd4 Bd6 13. Bxe5 Bxe5 14. Nxe6
Qa5 15. O-O Ne7 16. a3 Bxc3 17. bxc3 Qxc3 18. Ra2 Qc4 19. Qxc4 dxc4 20. Nc7+
Kf7 21. Nxa8 Rxa8 22. Rb2 Rb8 23. Rd1 Ke6 24. Rb6+ Nc6 25. Re1+ Kd5 26. Rbb1
Kd4 27. Rbd1+ Kc3 28. Re2 Nd4 29. Rdd2 Nxc2 30. Re3+ Kb2 31. Ree2 c3 32. Rxc2+
Kb3 33. a4 b5 34. axb5 Rxb5 35. Kf1 Kc4 36. Re3 Rb3 37. Ke1 Kd4 38. Ke2 Rb2 39.
Kd1 a5 40. Kc1 Rb3 41. Ra2 Rb5 42. Ra4+ Rb4 43. Rxa5 f5 44. Ra3 Rc4 45. Rb3 f4
46. Rf3 g5 47. h4 h6 48. hxg5 hxg5 49. Kc2 Rc6 50. Rd3+ Ke4 51. f3+ Ke5 52.
Rdxc3 Rxc3+ 53. Rxc3 Kf5 54. Rc5+ Kg6 55. Ra5 Kh5 56. Rf5 Kg6 57. Ra5 Kh5 58.
Ra6 Kh4 59. Rh6+ Kg3 60. Rh3+ Kxg2 61. Rh5 Kxf3 62. Rxg5 Ke3 63. Rf5 f3 64. Kd1
Ke4 65. Rf8 Ke3 66. Ke1 Ke4 67. Kf2 Kd4 68. Kxf3 Ke5 69. Kg4 Kd4 70. Re8 Kd5
71. Kf5 Kd4 72. Kf4 Kd5 73. Re1 Kd4 74. Rd1+ Kc5 75. Ke5 Kc4 76. Rd8 Kc3 77.
Ke4 Kc4 78. Rc8+ Kb4 79. Kd4 Kb5 80. Rc1 Kb6 81. Kd5 Kb7 82. Kd6 Kb8 83. Kd7
Kb7 84. Rb1+ Ka8 85. Kc7 Ka7 86. Ra1# 1-0

[Event "Delmenhorster SK-TSG Oberschöneweide"]
[Site "?"]
[Date "2022.09.17"]
[Round "1.1"]
[White "Le, Thao-Linh"]
[Black "Rabe, Elina"]
[Result "1-0"]
[WhiteElo "1182"]
[BlackElo "842"]
[PlyCount "49"]
[EventDate "2022.??.??"]
[WhiteTeam "TSG Oberschöneweide"]
[BlackTeam "Delmenhorster SK"]

1. e4 e5 2. Nc3 Nf6 3. f4 Nc6 4. fxe5 Nxe5 5. d4 Neg4 6. e5 d6 7. exf6 Qxf6 8.
Nf3 c6 9. Bg5 Qf5 10. Bd3 Qe6+ 11. Ne2 Be7 12. O-O Bxg5 13. Nxg5 Qh6 14. Nh3
Ne3 15. Qd2 Nxf1 16. Qxh6 gxh6 17. Rxf1 Bxh3 18. gxh3 Ke7 19. Ng3 c5 20. d5
Rhg8 21. Kh1 Rg5 22. Nf5+ Kf6 23. Nxh6+ Kg7 24. Rxf7+ Kxh6 25. Rxh7# 1-0

[Event "Delmenhorster SK-TSG Oberschöneweide"]
[Site "?"]
[Date "2022.09.17"]
[Round "1.2"]
[White "Anders, Lia"]
[Black "Weng, Yueyi Elina"]
[Result "1/2-1/2"]
[WhiteElo "600"]
[BlackElo "779"]
[PlyCount "92"]
[EventDate "2022.??.??"]
[WhiteTeam "Delmenhorster SK"]
[BlackTeam "TSG Oberschöneweide"]

1. e4 e5 2. Nf3 Nc6 3. Bc4 Bc5 4. O-O Nf6 5. Nc3 d6 6. d3 h6 7. h3 O-O 8. a3 a5
9. Re1 Re8 10. Be3 Ba7 11. Bxa7 Rxa7 12. Bb5 Bd7 13. a4 Ra8 14. Nd5 Nxd5 15.
exd5 Nd4 16. Nxd4 exd4 17. Bxd7 Qxd7 18. Rxe8+ Rxe8 19. Qd2 b6 20. c3 Qf5 21.
c4 c6 22. dxc6 Qc5 23. b4 axb4 24. Rb1 Qxc6 25. Qxb4 Ra8 26. Ra1 Ra5 27. f3 Qc5
28. Qe1 Kh7 29. Qe4+ g6 30. Qb7 Kg7 31. g4 Qb4 32. Qe4 Qc3 33. Ra2 Qc1+ 34. Kg2
Qc3 35. Kg3 Re5 36. Qc6 Qe1+ 37. Kh2 Re2+ 38. Rxe2 Qxe2+ 39. Kg3 Qe1+ 40. Kh2
Qe2+ 41. Kh1 Qe1+ 42. Kh2 Qe2+ 43. Kg3 Qe1+ 44. Kh2 Qe2+ 45. Kh1 Qe1+ 46. Kg2
Qe2+ 1/2-1/2

[Event "Delmenhorster SK-TSG Oberschöneweide"]
[Site "?"]
[Date "2022.09.17"]
[Round "1.3"]
[White "Ruddat, Maila"]
[Black "Eitel, Liz"]
[Result "1-0"]
[WhiteElo "924"]
[BlackElo "600"]
[PlyCount "119"]
[EventDate "2022.??.??"]
[WhiteTeam "TSG Oberschöneweide"]
[BlackTeam "Delmenhorster SK"]

1. e4 e5 2. Nf3 Nc6 3. Bc4 Nf6 4. d3 h6 5. Nc3 Bc5 6. Be3 Bb4 7. a3 Ba5 8. b4
Bb6 9. Qd2 d6 10. O-O Be6 11. Bxe6 fxe6 12. Rfb1 Ng4 13. Bxb6 axb6 14. h3 Nf6
15. Nb5 d5 16. Rd1 dxe4 17. dxe4 O-O 18. Qxd8 Rfxd8 19. Rxd8+ Rxd8 20. Nxc7 Nd4
21. Nxd4 exd4 22. Nxe6 Rd6 23. Nf4 Nxe4 24. Re1 d3 25. Nxd3 Nd2 26. Re8+ Kf7
27. Rb8 Rd7 28. Ne5+ Ke7 29. Nxd7 Kxd7 30. Rxb7+ Kc6 31. Rxg7 Nc4 32. Rg6+ Kb7
33. Rxh6 Nxa3 34. g4 Nxc2 35. g5 Nxb4 36. g6 Nc6 37. g7 Ne7 38. Re6 Ng8 39. Re8
Nh6 40. g8=Q Nxg8 41. Rxg8 b5 42. f4 b4 43. f5 b3 44. Rg2 Kc7 45. Rb2 Kd7 46.
Rxb3 Ke7 47. Rf3 Kf6 48. h4 Ke5 49. f6 Ke4 50. Kg2 Ke5 51. f7 Ke4 52. f8=Q Ke5
53. Qf6+ Ke4 54. Qf5+ Kd4 55. Rf4+ Kc3 56. Qd5 Kc2 57. Qd4 Kc1 58. Qf2 Kd1 59.
Re4 Kc1 60. Re1# 1-0

[Event "TSG Oberschöneweide-SC Weisse Dame"]
[Site "?"]
[Date "2022.09.17"]
[Round "2.1"]
[White "Xiao, Yiyi"]
[Black "Le, Thao-Linh"]
[Result "1-0"]
[WhiteElo "1421"]
[BlackElo "1182"]
[PlyCount "109"]
[EventDate "2022.??.??"]
[WhiteTeam "SC Weisse Dame"]
[BlackTeam "TSG Oberschöneweide"]

1. e4 e5 2. Nf3 Nf6 3. Nc3 Bb4 4. a3 Ba5 5. Bc4 Nc6 6. O-O O-O 7. d3 d6 8. Bg5
Be6 9. b4 Bb6 10. Be3 Re8 11. Bb3 Ng4 12. Qe2 Nd4 13. Bxd4 Bxd4 14. Nxd4 exd4
15. Nb5 Bxb3 16. cxb3 Nf6 17. Nxd4 d5 18. e5 Nd7 19. Nf3 f6 20. d4 b6 21. Rac1
c5 22. bxc5 bxc5 23. e6 Nf8 24. dxc5 Nxe6 25. Rfe1 Nc7 26. Qd3 Ne6 27. b4 Nf4
28. Rxe8+ Qxe8 29. Qd2 Ne2+ 30. Kf1 Nxc1 31. Qxc1 a5 32. Qd1 Qb5+ 33. Kg1 Qc4
34. Nd2 Qd4 35. Qe1 axb4 36. axb4 Qxb4 37. Qe6+ Kh8 38. Qxd5 Ra1+ 39. Nf1 h6
40. c6 Rc1 41. Qd8+ Kh7 42. Qd3+ g6 43. Qd7+ Kg8 44. Qe6+ Kg7 45. Qd7+ Kf8 46.
Qd8+ Kf7 47. Qd5+ Kf8 48. Qd8+ Kf7 49. Qd5+ Kg7 50. Qd7+ Kg8 51. Qe6+ Kf8 52.
Qxf6+ Kg8 53. Qxg6+ Kf8 54. Qxh6+ Kf7 55. Qxc1 1-0

[Event "TSG Oberschöneweide-SC Weisse Dame"]
[Site "?"]
[Date "2022.09.17"]
[Round "2.2"]
[White "Weng, Yueyi Elina"]
[Black "Zhou, Leyi Charlotte"]
[Result "0-1"]
[WhiteElo "779"]
[BlackElo "1367"]
[PlyCount "50"]
[EventDate "2022.??.??"]
[WhiteTeam "TSG Oberschöneweide"]
[BlackTeam "SC Weisse Dame"]

1. e4 e5 2. Nf3 Nc6 3. d4 exd4 4. Nxd4 Qf6 5. Be3 Bc5 6. c3 Nge7 7. Bc4 Ne5 8.
Be2 Qg6 9. O-O d6 10. f3 O-O 11. Nd2 f5 12. Kh1 h6 13. b4 Bb6 14. Nc4 a6 15.
Nxb6 cxb6 16. f4 Ng4 17. exf5 Nxf5 18. Nxf5 Bxf5 19. Bxb6 Rac8 20. Bxg4 Bxg4
21. Qd5+ Rf7 22. Rfe1 Kh7 23. Rac1 Bd7 24. Qxb7 Bc6 25. Qxa6 Qxg2# 0-1

[Event "TSG Oberschöneweide-SC Weisse Dame"]
[Site "?"]
[Date "2022.09.17"]
[Round "2.3"]
[White "John, Linnea"]
[Black "Rabus, Luise"]
[Result "1-0"]
[WhiteElo "1034"]
[BlackElo "828"]
[PlyCount "53"]
[EventDate "2022.??.??"]
[WhiteTeam "SC Weisse Dame"]
[BlackTeam "TSG Oberschöneweide"]

1. e4 e5 2. Nf3 Nf6 3. Nc3 Nc6 4. d4 Bd6 5. Bb5 a6 6. Bxc6 exd4 7. Qxd4 dxc6 8.
e5 Bxe5 9. Qxe5+ Be6 10. Bf4 O-O 11. Qxc7 Bg4 12. Qxd8 Raxd8 13. O-O Rd7 14.
Bg5 h6 15. Bxf6 gxf6 16. Ne4 f5 17. Nf6+ Kg7 18. Nxd7 Rd8 19. Nde5 Bh5 20. Rad1
Re8 21. Rd7 b5 22. Nxc6 Bg4 23. Nfe5 Be2 24. Rxf7+ Kh8 25. Re1 Bh5 26. Ng6+
Bxg6 27. Rxe8# 1-0

[Event "SchVgg Blankenese-Schachzwerge Magdeb."]
[Site "?"]
[Date "2022.09.17"]
[Round "2.1"]
[White "Breja, Eva"]
[Black "Polster, Martha"]
[Result "1/2-1/2"]
[WhiteElo "1027"]
[BlackElo "858"]
[PlyCount "159"]
[EventDate "2022.??.??"]
[WhiteTeam "Schachzwerge Magdeb."]
[BlackTeam "SchVgg Blankenese"]

1. e4 e5 2. Nf3 Nc6 3. Bc4 Bc5 4. d3 Nf6 5. Nc3 d6 6. Be3 Bxe3 7. fxe3 Ng4 8.
Qe2 Be6 9. Bb5 Bd7 10. O-O-O a6 11. Bxc6 Bxc6 12. d4 exd4 13. Nxd4 Bd7 14. Rhf1
Nxh2 15. Rf4 g5 16. Rf2 Bg4 17. Qe1 Bxd1 18. Qxd1 Qd7 19. Qh5 Ng4 20. Rf3 Ne5
21. Rf2 O-O-O 22. Qxg5 Rdg8 23. Qf4 Rg4 24. Qf6 Rg3 25. Qxh8+ Qd8 26. Qxh7 Qg5
27. Qf5+ Qxf5 28. Rxf5 Rxg2 29. Nd5 Nc4 30. c3 c6 31. Nb4 Rg1+ 32. Kc2 Nxe3+
33. Kd3 Nxf5 34. Nxf5 Kc7 35. Kc4 Rf1 36. Nd4 c5 37. a4 cxd4 38. cxd4 b5+ 39.
axb5 Rc1+ 40. Kd3 axb5 41. Nd5+ Kd7 42. Nb6+ Ke6 43. d5+ Ke5 44. Nd7+ Kf4 45.
Kd4 Rc4+ 46. Kd3 Rxe4 47. Nf6 Re3+ 48. Kd4 Re2 49. Nh5+ Kf3 50. b4 Rg2 51. Nf6
Rd2+ 52. Kc3 Rd1 53. Kc2 Rd4 54. Kc3 Rc4+ 55. Kb3 Kf4 56. Nd7 Kg5 57. Nb6 Re4
58. Nc8 Rd4 59. Nxd6 f6 60. Nxb5 Rxd5 61. Nc3 Rd4 62. b5 f5 63. b6 Rd8 64. Kb4
Rb8 65. Kb5 Kg4 66. Kc6 f4 67. b7 f3 68. Ne4 Kf4 69. Nf2 Ke3 70. Ng4+ Ke2 71.
Kc7 Rxb7+ 72. Kxb7 Ke1 73. Kc6 Kf1 74. Kd5 Kg2 75. Ke4 Kg3 76. Ne3 f2 77. Nf1+
Kg2 78. Ne3+ Kg1 79. Kf3 Kh2 80. Kxf2 1/2-1/2

[Event "SchVgg Blankenese-Schachzwerge Magdeb."]
[Site "?"]
[Date "2022.09.17"]
[Round "2.2"]
[White "Kail, Oleksandra"]
[Black "Funke, Luise"]
[Result "0-1"]
[WhiteElo "600"]
[BlackElo "1052"]
[PlyCount "42"]
[EventDate "2022.??.??"]
[WhiteTeam "SchVgg Blankenese"]
[BlackTeam "Schachzwerge Magdeb."]

1. e4 e5 2. Nf3 Nc6 3. Nc3 Nf6 4. Bb5 Bc5 5. Qe2 d6 6. d3 Bd7 7. Bg5 h6 8. Bxf6
Qxf6 9. Nd5 Qd8 10. O-O-O O-O 11. h3 a6 12. b4 Bxb4 13. Bxc6 Bxc6 14. Nxb4 Bb5
15. c4 Ba4 16. Rd2 a5 17. Nd5 c6 18. Nc3 b5 19. cxb5 Rb8 20. Re1 Qb6 21. g3 Qc5
{Partiemitschrift nicht lesbar!
} 0-1

 16. Rd2 a5 17. Nd5 c6 18. Nc3 b5
19. cxb5 Rb8 20. Re1 Qb6 21. g3 Qc5 0-1

[Event "SchVgg Blankenese-Schachzwerge Magdeb."]
[Site "?"]
[Date "2022.09.17"]
[Round "2.3"]
[White "Lahne, Paula"]
[Black "Fettan, Nua"]
[Result "0-1"]
[WhiteElo "904"]
[BlackElo "600"]
[PlyCount "170"]
[EventDate "2022.??.??"]
[WhiteTeam "Schachzwerge Magdeb."]
[BlackTeam "SchVgg Blankenese"]

1. e4 e5 2. Nf3 Nc6 3. Bc4 Bc5 4. c3 d6 (4... g6 5. d4 exd4 6. cxd4 d5 7. exd5
Qe7+ 8. Be3 Bb4+ 9. Nbd2 Na5 10. O-O Nxc4 11. Nxc4 Bd7 12. Bd2 O-O-O 13. Re1
Qf8 14. Qb3 Bxd2 15. Nfxd2 Nf6 16. a4 Nxd5 17. Na5 Nb6 18. Rac1 Bxa4 19. Qc3
Nd5 20. Qc4 Qb4 21. Qxb4 Nxb4 22. Re7 Rxd4 23. Nf3 Rf4 24. Rcxc7+ Kb8 25. Rxb7+
Kc8 26. h3 Nd5 27. Re5 Rd8 28. Rxa7 f6 29. Rxh7 fxe5 30. Ng5 Bc2 31. Ne6 Ra4
32. Nxd8 Kxd8 33. Nc6+ Ke8 34. Nxe5 Ra1+ 35. Kh2 Kf8 36. Rd7 Nf6 37. Rf7+ Ke8
38. Rxf6 Ke7 39. Rb6 Ra5 40. f4 Rd5 41. b4 Bd3 42. Nxd3 Rxd3 43. f5 Rd5 44. f6+
Kf7 45. Kg3 Ke8 46. Rb7 Rd3+ 47. Kf4 Rd2 48. Rh7 Rxg2 49. f7+ Kf8) 5. d4 exd4
6. cxd4 d5 7. exd5 Qe7+ 8. Be3 Bb4+ 9. Nbd2 Na5 10. O-O Nxc4 11. Nxc4 Bd7 12.
Bd2 O-O-O 13. Re1 Qf8 14. Qb3 Bxd2 15. Nfxd2 Nf6 16. a4 Nxd5 17. Na5 Nb6 18.
Rac1 Bxa4 19. Qc3 Nd5 20. Qc4 Qb4 21. Qxb4 Nxb4 22. Re7 Rxd4 23. Nf3 Rf4 24.
Rcxc7+ Kb8 25. Rxb7+ Kc8 26. h3 Nd5 27. Re5 Rd8 28. Rxa7 f6 29. Rxg7 fxe5 30.
Ng5 Bc2 31. Ne6 Ra4 32. Nxd8 Kxd8 33. Nc6+ Ke8 34. Nxe5 Ra1+ 35. Kh2 Kf8 36.
Rd7 Nf6 37. Rf7+ Ke8 38. Rxf6 Ke7 39. Rb6 Ra5 40. f4 Rd5 41. b4 Bd3 42. Nxd3
Rxd3 43. f5 Rd5 44. f6+ Kf7 45. Kg3 Ke8 46. Rb7 Rd3+ 47. Kf4 Rd2 48. Rxh7 Rxg2
49. f7+ Kf8 50. Kf5 Rf2+ 51. Ke6 Re2+ 52. Kd6 Rd2+ 53. Kc5 Rc2+ 54. Kb5 Rf2 55.
Kc6 Rc2+ 56. Kb6 Rf2 57. b5 Ke7 58. f8=Q+ Kxf8 59. Kc7 Rc2+ 60. Kb7 Kg8 61. Rd7
Kf8 62. b6 Ke8 63. Rc7 Rb2 64. Ka7 Ra2+ 65. Kb8 Kd8 66. b7 Rb2 67. h4 Rb5 68.
Rc8+ Kd7 69. Rh8 Kc6 70. Rh7 Rf5 71. Ka8 Ra5+ 72. Kb8 Rf5 73. Rc7+ Kb6 74. Rc6+
Kxc6 75. Ka8 Ra5+ 76. Kb8 Rh5 77. Ka8 Ra5+ 78. Kb8 Kb6 79. Kc8 Rc5+ 80. Kb8 Rb5
81. Ka8 Kc7 82. h5 Rxb7 83. h6 Kb6 84. h7 Rxh7 85. Kb8 Rh8# 0-1

[Event "SchVgg Blankenese-Schachzwerge Magdeb."]
[Site "?"]
[Date "2022.09.17"]
[Round "2.4"]
[White "Chen, Anqi"]
[Black "Börner, Martha"]
[Result "0-1"]
[WhiteElo "600"]
[BlackElo "842"]
[PlyCount "72"]
[EventDate "2022.??.??"]
[WhiteTeam "SchVgg Blankenese"]
[BlackTeam "Schachzwerge Magdeb."]

1. e4 e5 2. Nf3 Nc6 3. Nc3 Nf6 4. Bc4 Bc5 5. d3 d6 6. Bg5 Bg4 7. O-O Nd4 8. Bd5
Bxf3 9. Qe1 c6 10. Bc4 Bg4 11. Rd1 Bxd1 12. Qxd1 O-O 13. Qd2 b5 14. Bb3 Nxb3
15. cxb3 h6 16. Bh4 b4 17. Ne2 d5 18. exd5 cxd5 19. Ng3 Rc8 20. Re1 Qd6 21. a3
bxa3 22. bxa3 Bxa3 23. Ra1 Bb4 24. Qa2 Bc3 25. Rb1 Bd4 26. Nf5 Qe6 27. Ng3 Ng4
28. h3 Nxf2 29. Rf1 Nxh3+ 30. Kh1 Ra8 31. b4 Nf4 32. Nh5 Nxh5 33. Qf2 Bxf2 34.
Rxf2 Qg4 35. g3 Qh3+ 36. Rh2 Qf1# 0-1